000 00573nam a2200229Ia 4500
003 OSt
005 20220924141435.0
006 a|||||r|||| 00| 0
007 ta
008 220923b |||||||| |||| 00| 0 ben d
024 _a298242
037 _cTextual
040 _aARTS
_cARTS
_bben
041 _2ben
_aben
082 _aO157,1M24:g, N5
100 _aRoy Ed.
_9208999
245 0 _aMadhusudan
_b Byakti o sristi
260 _c1995
650 _aBENGALI LITERATURE
942 _hO157,1M24:g, N5
_cTEXL
_2CC
999 _c447270
_d447270